Guía práctica para la gestión por proyecto: cómo hacerla efectiva en su empresa
I tiakina i:
| Ngā kaituhi matua: | , |
|---|---|
| Hōputu: | Pukapuka |
| Reo: | Pāniora |
| I whakaputaina: |
Barcelona
Paidós
1995
|
| Ngā marau: | |
| Ngā Tūtohu: |
Tāpirihia he Tūtohu
Kāore He Tūtohu, Me noho koe te mea tuatahi ki te tūtohu i tēnei pūkete!
|
MARC
| LEADER | 00000nam a2200000 a 4500 | ||
|---|---|---|---|
| 001 | UCZ1577 | ||
| 003 | CL-VaPUC | ||
| 008 | 950824e19950000SP |||||||||||||||||spa|d | ||
| 082 | 0 | 4 | |a 658.404 |b BUR |2 21 |
| 100 | 0 | |a Burton, Celia |e author |9 345173 | |
| 700 | 0 | |a Michael, Norma |e author |9 345174 | |
| 245 | 1 | 0 | |a Guía práctica para la gestión por proyecto: cómo hacerla efectiva en su empresa |
| 300 | |a 200 p | ||
| 942 | |c BK | ||
| 945 | |d 19950824 00:00:00 |a awong | ||
| 260 | |a Barcelona |b Paidós |c 1995 | ||
| 650 | 0 | |a Proyectos |9 337967 | |
| 650 | 7 | |a DURACION DE PROYECTOS |2 CL-VaPUC |9 345175 | |
| 650 | 0 | |a Gestión de proyectos |9 260970 | |
| 583 | |a last modification |c 19950824 00:00:00 |k Rodrigo Vera | ||
| 999 | |c 238312 |d 238310 | ||
| 952 | |0 0 |1 0 |4 0 |6 658_404000000000000_BUR_1995 |7 0 |8 A |9 248414 |a BIBING |b BIBING |d 2019-11-18 |i 312844K |o 658.404 BUR 1995 |p 312844K |r 2025-01-20 |w 2019-11-18 |y BK |k GEO | ||